Sports Quiz

Random Sports Quiz

Hartlepool United players 2014-15 Quiz Stats

 Plays Quiz not verified by Sporcle

Challenge
Share
Tweet
Embed
Score 0/46 Timer 10:00
0 Plays Today
Kit Number Answer % Correct
1Scott Flinders
100%
9Marlon Harewood
90.9%
7Jonathan Franks
87.3%
11Jack Compton
87.3%
26Scott Harrison
86.8%
4Matthew Bates
85.5%
8Bradley Walker
85.5%
21Michael Duckworth
85.5%
33Luke James
85.5%
2Neil Austin
83.6%
5Sam Collins
83.6%
17Scott Fenwick
80.5%
14Michael Woods
80%
18Lewis Hawkins
78.2%
20Dan Jones
78.2%
23Connor Smith
78.2%
10Tommy Miller
76.4%
3Darren Holden
74.5%
19Jordan Richards
74.5%
24Jordan Hugill
73.5%
31Aaron Tshibola
73.5%
16Nicky Featherstone
73.2%
12Stuart Parnaby
70.9%
Kit Number Answer % Correct
27Jordan Jones
70.6%
29Rakish Bingham
67.6%
13Andy Rafferty
67.3%
29David Mirfin
64.7%
17Ryan Brobbel
61.8%
22Josh Nearney
61.8%
35Ryan Bird
61.8%
24Charlie Wyke
60%
31Joe Ironside
58.5%
30Marvin Morgan
55.9%
31Freddie Woodman
54.5%
28Kieran Green
51.2%
27Sidney Schmeltz
48.8%
24Matteo Lanzoni
47.1%
29Adam Campbell
46.3%
27David Atkinson
43.2%
16Josh Rowbotham
41.8%
31Joel Dixon
41.8%
13Jonathan Maxted
41.5%
15Matty Dolan
41.2%
29Matt Crooks
38.1%
15Ebby Nelson-Addy
35.3%
32Jonathan Barber
34.8%

You're not logged in!

Compare scores with friends on all Sporcle quizzes.
OR
Log In

You Might Also Like...

Show Comments

Extras

Created Aug 21, 2014ReportNominate
Tags:kit, player, signed, united

Top Quizzes Today


Score Distribution

Your Account Isn't Verified!

In order to create a playlist on Sporcle, you need to verify the email address you used during registration. Go to your Sporcle Settings to finish the process.

Report this User

Report this user for behavior that violates our Community Guidelines.

Details: